In quale squadra ha giocato? - Quiz n°6 - Statistics

Statistiche generali
  • Questo quiz è stato fatto 12 volte
  • Il punteggio medio è 4 su 6
Statistiche sulle risposte
Domanda Risposta % Corretto
Fabio Cannavaro Parma
100%
David Seaman Arsenal
60%
Cristian Romero Genoa
60%
Mario Yepes Milan
60%
Yūto Nagatomo Cesena
40%
Eliaquim Mangala Manchester City
40%
Nessun quiz corrispondente trovato
Distribuzione punteggi
Percentuale di utenti per punteggio
Percentile per numero di risposta
I tuoi punteggi nel tempo
Non hai fatto questo quiz